000 00314nam a22001217a 4500
082 _a621.11223 KHA
100 _aKHAN, IJAZ HUSSAIN.PROF
_979789
245 _aCORROSION TECHNOLOGY
260 _aLAHORE
_bUNIVERSITY OF THE PUNJAB
_c1989
300 _aXIX,561P
650 _aCORROSION TECHNOLOGY
_979790
942 _cBK
999 _c584782
_d584782